[Event "POL-chT3"]
[Site "Jastrzebia Gora POL"]
[Date "2016.09.06"]
[Round "4.5"]
[White "Morkisz, Bogdan"]
[Black "Rawicz, Karol"]
[Result "1-0"]
[WhiteElo "2020"]
[BlackElo "2216"]
[EventDate "2016.09.02"]

1.e4 c5 2.Nc3 Nc6 3.g3 g6 4.Bg2 Bg7 5.d3 Nf6 6.h3 O-O 7.Be3 d6 8.Qd2 Nd4 
9.Nd1 e5 10.c3 Ne6 11.f4 exf4 12.gxf4 Nh5 13.Ne2 Qh4+ 14.Bf2 Qf6 15.f5 
gxf5 16.exf5 Bh6 17.Be3 Qh4+ 18.Nf2 Nef4 19.Nxf4 Bxf4 20.O-O-O Re8 21.Ng4 
Rxe3 22.Nxe3 Ng3 23.Rhg1 Nxf5 24.Be4+ Kh8 25.Bxf5 Bxf5 26.Kc2 Qxh3 27.Qg2 
Qxg2+ 28.Nxg2 Bg5 29.Rdf1 Bg6 30.Nf4 Bxf4 31.Rxf4 Re8 32.Kd2 Kg7 33.Rg5 
Re6 34.d4 b6 35.dxc5 dxc5 36.Rd5 Re7 37.a4 h5 38.a5 Rc7 39.Rd6 bxa5 40.Ra4
c4 41.Rxa5 Rb7 42.Kc1 Re7 43.Rd4 Bd3 44.b3 Re1+ 45.Kd2 Re2+ 46.Kd1 Rh2 47.
bxc4 Be2+ 48.Kc1 h4 49.c5 h3 50.c6 Rg2 51.c7 h2 52.Rh4 Bg4 53.Rg5+ Kf6 54.
Rgxg4 Rxg4 55.c8=Q 1-0

[Event "POL-chT3"]
[Site "Jastrzebia Gora POL"]
[Date "2016.09.06"]
[Round "4.6"]
[White "Sliwicka, Alicja"]
[Black "Kubicka, Anna"]
[Result "1-0"]
[WhiteElo "2092"]
[BlackElo "2239"]
[EventDate "2016.09.02"]

1.e4 e6 2.d4 d5 3.Nc3 Bb4 4.Qd3 dxe4 5.Qxe4 Nf6 6.Qh4 Nc6 7.Nf3 Ne7 8.Bd3 
Nf5 9.Bxf5 exf5 10.Bg5 Be7 11.O-O-O O-O 12.Rhe1 h6 13.Rxe7 Qxe7 14.Nd5 Qe4
15.Nxf6+ gxf6 16.Bf4 Re8 17.Re1 Qxe1+ 18.Nxe1 Rxe1+ 19.Kd2 Re4 20.c3 Kf8 
21.Qxf6 Re6 22.Bxh6+ Ke8 23.Qh8+ Kd7 24.Qf8 Kc6 25.c4 Re4 26.Qc5+ Kd7 27.
Qxf5+ Re6 28.d5 1-0

[Event "POL-chT3"]
[Site "Jastrzebia Gora POL"]
[Date "2016.09.06"]
[Round "4.7"]
[White "Szotkowski, Jakub"]
[Black "Wandzik, Wojciech"]
[Result "1-0"]
[WhiteElo "2403"]
[BlackElo "2346"]
[EventDate "2016.09.02"]

1.d4 Nf6 2.c4 e6 3.g3 c5 4.Nf3 cxd4 5.Nxd4 Qc7 6.Nc3 a6 7.Bg2 Qxc4 8.Bf4 
Nh5 9.Rc1 Nxf4 10.gxf4 Qb4 11.a3 Qa5 12.b4 Qd8 13.O-O Be7 14.Na4 Nc6 15.
Nb3 O-O 16.Qd3 Qc7 17.f5 Qe5 18.Nb6 Rb8 19.Nc5 Bd6 20.Rfd1 Bc7 21.Nbxd7 
Qxh2+ 22.Kf1 Ne5 23.Qh3 Qxh3 24.Bxh3 Nxd7 25.Nxd7 Bxd7 26.Rxd7 Bb6 27.fxe6
fxe6 28.Bxe6+ Kh8 29.Bf7 Rfd8 30.Rcd1 a5 31.e4 axb4 32.axb4 Rxd7 33.Rxd7 
Bd8 34.e5 g6 35.e6 Kg7 36.e7 Bxe7 37.Rxe7 Kf6 38.Re8 Rxe8 39.Bxe8 Ke5 40.
Kg2 Kd4 41.Kf3 b5 42.Bxb5 Kc3 43.Be8 Kxb4 44.Bf7 1-0

[Event "POL-chT3"]
[Site "Jastrzebia Gora POL"]
[Date "2016.09.06"]
[Round "4.8"]
[White "Mroziak, Maciej"]
[Black "Nguyen, Piotr"]
[Result "1/2-1/2"]
[WhiteElo "2338"]
[BlackElo "2435"]
[EventDate "2016.09.02"]

1.e4 c5 2.c3 d5 3.exd5 Qxd5 4.d4 g6 5.Nf3 Bg7 6.Na3 cxd4 7.Bc4 Qe4+ 8.Be3 
Nh6 9.cxd4 O-O 10.O-O Bg4 11.Bxh6 Bxh6 12.Re1 Qf4 13.Rxe7 Nc6 14.Rxb7 Rab8
15.Rxb8 Rxb8 16.b3 Rd8 17.Nc2 Bg7 18.Qc1 Qxc1+ 19.Rxc1 Bxf3 20.gxf3 Nxd4 
21.Nxd4 Bxd4 22.Kg2 Kg7 23.Rd1 Bb6 24.Rxd8 Bxd8 25.a4 Ba5 26.h3 Bb4 27.Bd5
a5 28.Bc4 Bc5 29.Bd5 Bb4 30.Bc4 Bc5 31.Bd5 1/2-1/2

[Event "POL-chT3"]
[Site "Jastrzebia Gora POL"]
[Date "2016.09.06"]
[Round "4.9"]
[White "Kowalczyk, Pawel"]
[Black "Lizak, Jakub"]
[Result "1-0"]
[WhiteElo "2303"]
[BlackElo "2146"]
[EventDate "2016.09.02"]

1.d4 Nf6 2.c4 g6 3.Nc3 d5 4.cxd5 Nxd5 5.Na4 Bg7 6.e4 Nb6 7.Be3 O-O 8.Nf3 
Bg4 9.Be2 Nxa4 10.Qxa4 c5 11.dxc5 Bxb2 12.Rb1 Bc3+ 13.Kf1 Bd7 14.Qc2 Qa5 
15.Nd2 Bxd2 16.Bxd2 Qc7 17.h4 Nc6 18.Qb2 e5 19.Qxb7 Qxb7 20.Rxb7 Be6 21.
Kg1 Rfd8 22.Bg5 Rdb8 23.Rc7 Rc8 24.Rxc8+ Rxc8 25.Kh2 f6 26.Be3 Bxa2 27.Ra1
Be6 28.Ra6 Rc7 29.f4 Kf7 30.fxe5 Nxe5 31.Bd4 Nd7 32.Ra5 Ke7 33.Kg3 Kf7 34.
Kf4 Nb8 35.Rb5 Nc6 36.Bc3 h5 37.g3 Ke7 38.Rb1 Bd7 39.Bc4 Be6 40.Bxe6 Kxe6 
41.Rd1 Ne5 42.Rd6+ Ke7 43.Bxe5 fxe5+ 44.Kg5 Rxc5 45.Rxg6 Rc3 46.Kxh5 Re3 
47.g4 Rxe4 48.Rg7+ Kf8 49.Rxa7 Rd4 50.Ra5 e4 51.Re5 Kf7 52.Kg5 Kg7 53.Kf5 
Rd7 54.Kxe4 Ra7 55.Kf5 Rf7+ 56.Kg5 Kg8 57.h5 Kh7 58.h6 Ra7 59.Kh5 Ra1 60.
Re7+ Kg8 61.g5 Ra5 62.Kg6 Ra6+ 63.Kf5 Ra5+ 64.Kf6 Ra6+ 65.Re6 Ra1 1-0

[Event "POL-chT3"]
[Site "Jastrzebia Gora POL"]
[Date "2016.09.06"]
[Round "4.10"]
[White "Gola, Karol"]
[Black "Jagodzinski, Piotr"]
[Result "1/2-1/2"]
[WhiteElo "2191"]
[BlackElo "2241"]
[EventDate "2016.09.02"]

1.e4 c6 2.d4 d5 3.Nc3 a6 4.Nf3 Bg4 5.Be2 e6 6.O-O Nf6 7.e5 Nfd7 8.Ng5 Bxe2
9.Nxe2 Be7 10.f4 g6 11.c3 c5 12.Be3 Nc6 13.Rf3 Qb6 14.Qd2 Rc8 15.Rh3 cxd4 
16.Nxd4 Bxg5 17.Nxe6 d4 18.Nxd4 Be7 19.Nf5 Qc7 20.Nd6+ Bxd6 21.exd6 Qa5 
22.g4 O-O 23.f5 Nf6 24.b4 Qd5 25.Qxd5 Nxd5 26.Bc5 Rfd8 27.Rd1 Nf6 28.Bb6 
Rd7 29.Rg3 Ne4 30.Rgd3 Ne5 31.Re3 Nc4 32.Rxe4 Nxb6 33.f6 Kf8 34.Rd3 Rcd8 
35.Rh3 Rxd6 36.Rxh7 Kg8 37.Rg7+ Kf8 38.Rh7 Rd1+ 39.Kf2 Kg8 40.Rg7+ Kf8 41.
Rh7 Kg8 42.Kg2 1/2-1/2

[Event "POL-chT3"]
[Site "Jastrzebia Gora POL"]
[Date "2016.09.06"]
[Round "4.11"]
[White "Dowgird, Filip"]
[Black "Kalmuk, Krzysztof"]
[Result "0-1"]
[WhiteElo "2238"]
[BlackElo "2004"]
[EventDate "2016.09.02"]

1.e4 c5 2.g3 Nc6 3.Bg2 g6 4.f4 Bg7 5.Nf3 d5 6.e5 Nh6 7.d3 O-O 8.O-O Be6 9.
Nc3 f6 10.exf6 exf6 11.h3 d4 12.Ne4 b6 13.a3 Qd7 14.Kh2 Rae8 15.Bd2 Nf5 
16.Re1 Bd5 17.b4 c4 18.g4 cxd3 19.gxf5 Bxe4 20.Rxe4 Rxe4 21.cxd3 Ree8 22.
Qb3+ Kh8 23.Nh4 Ne7 24.fxg6 Nxg6 25.Nxg6+ hxg6 26.Bf3 Bh6 27.Rg1 Qd6 28.
Rg4 f5 29.Rh4 Kg7 30.Kg3 Bg5 31.Qa4 Bxh4+ 32.Kxh4 Re7 33.b5 g5+ 34.Kg3 Rh8
35.Kg2 gxf4 36.Qc4 Kh7 37.Bb4 Qg6+ 38.Kf1 Qg3 39.Qd5 Qxh3+ 0-1

[Event "POL-chT3"]
[Site "Jastrzebia Gora POL"]
[Date "2016.09.06"]
[Round "4.12"]
[White "Szydlowska-duda, Marta"]
[Black "Majdan-gajewska, Joanna"]
[Result "0-1"]
[WhiteElo "2002"]
[BlackElo "2362"]
[EventDate "2016.09.02"]

1.d4 Nf6 2.c4 c5 3.d5 b5 4.Nc3 b4 5.Nb1 e6 6.g3 exd5 7.cxd5 Bb7 8.Bg2 d6 
9.e4 g6 10.Nd2 Bg7 11.Ne2 O-O 12.O-O Re8 13.Re1 a5 14.Qc2 Nbd7 15.Nc4 Nb6 
16.Bf4 Nxc4 17.Qxc4 Ng4 18.Qc2 Qf6 19.h3 g5 20.hxg4 gxf4 21.gxf4 Qxb2 22.
Qxb2 Bxb2 23.Rab1 Bg7 24.Ng3 Bc3 25.Red1 Bc8 26.Bf3 Bd7 27.Kg2 Kh8 28.Rh1 
a4 29.Rh6 f6 30.Rbh1 Re7 31.Nh5 Rf8 32.e5 fxe5 33.f5 e4 34.Bxe4 Rxe4 35.
Rxh7+ Kxh7 36.Nf6+ Kg7 37.Nxe4 Be5 38.Ng5 Rh8 39.Re1 b3 40.a3 b2 41.Ne4 c4
0-1

[Event "POL-chT3"]
[Site "Jastrzebia Gora POL"]
[Date "2016.09.06"]
[Round "4.13"]
[White "Walter, Szymon"]
[Black "Kantans, Toms"]
[Result "1/2-1/2"]
[WhiteElo "2261"]
[BlackElo "2491"]
[EventDate "2016.09.02"]

1.e4 c5 2.Nf3 d6 3.d4 cxd4 4.Nxd4 Nf6 5.Nc3 a6 6.Be3 Ng4 7.Bg5 h6 8.Bh4 g5
9.Bg3 Bg7 10.Be2 Ne5 11.f3 Nbc6 12.Bf2 Be6 13.Qd2 Rc8 14.O-O Nxd4 15.Bxd4 
Bc4 16.Rad1 O-O 17.f4 gxf4 18.Rxf4 Bxe2 19.Qxe2 e6 20.h4 Ng6 21.Rg4 h5 22.
Rg5 Bxd4+ 23.Rxd4 Qb6 24.Qf2 Kg7 25.Na4 Qa7 26.Rd2 Qxf2+ 27.Kxf2 b5 28.Nc3
f6 29.Rg3 Rc6 30.Ne2 e5 31.Rgd3 f5 32.Rxd6 fxe4+ 33.Ke3 Rxd6 34.Rxd6 Nxh4 
35.Kxe4 Rf2 36.Ng3 Rxg2 37.Nxh5+ Kf7 38.Rf6+ Ke7 39.Rxa6 Rxc2 40.Ng3 
1/2-1/2

[Event "POL-chT3"]
[Site "Jastrzebia Gora POL"]
[Date "2016.09.06"]
[Round "4.14"]
[White "Kuzmicz, Krystian"]
[Black "Dzierzak, Radoslaw"]
[Result "1-0"]
[WhiteElo "2470"]
[BlackElo "2204"]
[EventDate "2016.09.02"]

1.d4 Nf6 2.Bg5 e6 3.Nd2 h6 4.Bh4 c5 5.e3 cxd4 6.exd4 b6 7.Ngf3 Bb7 8.Bd3 
Be7 9.O-O O-O 10.c3 d6 11.Qe2 Nbd7 12.Rfe1 Nh5 13.Bxe7 Qxe7 14.Be4 Bxe4 
15.Qxe4 Ndf6 16.Qc2 Rfc8 17.g3 Nd5 18.Nh4 Nhf6 19.Qd3 Qd7 20.f4 g6 21.Re2 
Kg7 22.Rf1 b5 23.Qf3 Rh8 24.g4 g5 25.Ng2 Rag8 26.b3 Kf8 27.fxg5 hxg5 28.c4
Nf4 29.Nxf4 gxf4 30.Rg2 e5 31.g5 Ne8 32.Qd5 Qh3 33.Nf3 f6 34.dxe5 fxe5 35.
c5 Rg6 36.cxd6 Rxd6 37.Qxe5 Rd7 38.g6 Rh5 39.Ng5 1-0

[Event "POL-chT3"]
[Site "Jastrzebia Gora POL"]
[Date "2016.09.06"]
[Round "4.15"]
[White "Kastelik, Adrian"]
[Black "Sabuk, Piotr"]
[Result "0-1"]
[WhiteElo "2114"]
[BlackElo "2365"]
[EventDate "2016.09.02"]

1.e4 e5 2.Nf3 Nc6 3.Nc3 Nf6 4.Bb5 Bd6 5.d3 a6 6.Ba4 h6 7.h3 Bc5 8.Nxe5 
Nxe5 9.d4 Bd6 10.dxe5 Bxe5 11.O-O O-O 12.Qd3 Re8 13.Re1 b5 14.Bb3 Bb7 15.
Nd5 Nxd5 16.Bxd5 c6 17.Bb3 d5 18.exd5 Bh2+ 19.Kf1 Rxe1+ 20.Kxe1 cxd5 21.
Be3 d4 22.Rd1 Qa5+ 23.Bd2 Qb6 24.Kf1 Qc6 25.f3 Qf6 26.Be1 Rd8 27.Bf2 Bc7 
28.Bxd4 Qf4 29.c3 Bb6 30.Qg6 Bxd4 31.Rxd4 Rxd4 32.cxd4 Qc1+ 33.Ke2 Qxb2+ 
34.Qc2 Qxc2+ 35.Bxc2 Bd5 36.a3 Kf8 37.Be4 Bc4+ 38.Ke3 Ke7 39.d5 Kd6 40.Kd4
g5 41.g3 Bf1 42.Bf5 Bg2 43.Ke3 Bf1 44.Kd4 Be2 45.Be4 f5 46.Bxf5 Bxf3 47.
Bc8 a5 48.Ba6 b4 49.axb4 axb4 50.Bc4 Bd1 51.h4 Bc2 52.hxg5 hxg5 53.Ke3 Kc5
54.d6 Kxd6 55.Kd4 b3 56.Kc3 Ke5 57.Be2 Ke4 58.Bg4 Ke3 59.Be6 Bd1 60.Kb2 
Kf2 61.g4 Kg3 62.Kc1 Bc2 63.Bf5 Kf4 64.Be6 Ke3 65.Kb2 Kf4 66.Kc1 Ke5 67.
Bd7 Be4 68.Kb2 Bd5 69.Kc3 Be6 70.Bb5 Kf4 71.Be2 Ke3 72.Bd1 Bd5 73.Kb2 Kd2 
0-1

[Event "POL-chT3"]
[Site "Jastrzebia Gora POL"]
[Date "2016.09.06"]
[Round "4.16"]
[White "Dubinski, Mateusz"]
[Black "Mucha, Piotr"]
[Result "1-0"]
[WhiteElo "2241"]
[BlackElo "2161"]
[EventDate "2016.09.02"]

1.d4 d5 2.c4 c6 3.Nc3 Nf6 4.Nf3 dxc4 5.a4 Bf5 6.Ne5 Nbd7 7.Nxc4 Qc7 8.g3 
e5 9.dxe5 Nxe5 10.Nxe5 Qxe5 11.Bg2 Bc5 12.O-O Qe6 13.a5 Rd8 14.Qa4 O-O 15.
Bg5 h6 16.Bxf6 Qxf6 17.a6 Rd4 18.Qa2 b5 19.Rac1 Bb6 20.Nd1 Be4 21.Bxe4 
Rxe4 22.Nc3 Re5 23.Qb3 Rd8 24.Qc2 h5 25.h4 Rd4 26.e3 Rg4 27.Ne2 Qf3 28.Nf4
Bxe3 29.fxe3 Qxg3+ 30.Ng2 Qxh4 31.Rf4 Rxe3 32.Rxg4 Qxg4 33.Qxc6 Re6 34.
Qa8+ Kh7 35.Qxa7 h4 36.Qf2 h3 37.a7 Ra6 38.Qh4+ Qxh4 39.Nxh4 Rxa7 40.Rc5 
b4 41.Rh5+ Kg8 42.Rb5 Ra4 43.Kh2 f6 44.Kxh3 g5 45.Nf5 Kf7 46.Nd4 Kg6 47.b3
Ra2 48.Rxb4 Rd2 49.Rc4 f5 50.b4 g4+ 51.Kh4 Rh2+ 52.Kg3 Rb2 53.b5 Kg5 54.
Rc5 1-0

[Event "POL-chT3"]
[Site "Jastrzebia Gora POL"]
[Date "2016.09.06"]
[Round "4.17"]
[White "Faron, Rafal"]
[Black "Szczepaniak, Lukasz"]
[Result "1/2-1/2"]
[WhiteElo "2062"]
[BlackElo "2173"]
[EventDate "2016.09.02"]

1.d4 f5 2.g3 Nf6 3.Bg2 g6 4.Nf3 Bg7 5.O-O O-O 6.c4 d6 7.Nc3 Nc6 8.d5 Ne5 
9.Nxe5 dxe5 10.b3 e4 11.Ba3 Ng4 12.Qc2 Bd7 13.Rad1 Qe8 14.Bc1 e5 15.dxe6 
Bxe6 16.f3 exf3 17.exf3 Nf6 18.Ba3 Rf7 19.Rfe1 c6 20.Rd6 Re7 21.Qe2 Nd7 
22.Rd3 Nf8 23.Bxe7 Qxe7 24.Kh1 Qb4 25.Nd1 a5 26.Qd2 Qxd2 27.Rxd2 a4 28.
Rde2 axb3 29.axb3 Kf7 30.Nf2 b5 31.Rc2 Ra3 32.Nh3 Bf6 33.Nf4 b4 34.Rb1 c5 
35.Nd3 Bd4 36.f4 Nd7 37.Re2 Bxc4 38.bxc4 Rxd3 39.Bd5+ Kf8 40.Rbe1 Nf6 41.
Re7 Nxd5 42.cxd5 Bf6 43.Rb7 Rxd5 44.Re6 Bd4 45.Rc6 Rd8 46.Kg2 Re8 47.Rcc7 
Kg8 1/2-1/2

[Event "POL-chT3"]
[Site "Jastrzebia Gora POL"]
[Date "2016.09.06"]
[Round "4.18"]
[White "Kantane, Anna"]
[Black "Binkowska, Agata"]
[Result "1-0"]
[WhiteElo "2248"]
[BlackElo "1776"]
[EventDate "2016.09.02"]

1.e4 c5 2.Nf3 e6 3.d4 cxd4 4.Nxd4 a6 5.Bd3 Qc7 6.Qe2 Nc6 7.Nxc6 dxc6 8.e5 
Bc5 9.Nd2 Ne7 10.Nf3 b5 11.a4 Bb7 12.Bd2 Nf5 13.c3 Rd8 14.h4 Qb6 15.Bxf5 
exf5 16.b4 Be7 17.Nd4 Bc8 18.Qf3 Rd5 19.Qg3 Rg8 20.O-O Be6 21.Bg5 Bxg5 22.
hxg5 g6 23.Rfe1 Kf8 24.a5 Qc7 25.Nb3 Kg7 26.Nc5 Qc8 27.Rad1 Rgd8 28.Qf3 h5
29.gxh6+ Kh7 30.Rxd5 Rxd5 31.Qf4 Rd8 32.Qh4 Rd2 33.Qf6 Kxh6 34.Re3 f4 35.
Nxe6 fxe3 36.Qh4# 1-0

[Event "POL-chT3"]
[Site "Jastrzebia Gora POL"]
[Date "2016.09.06"]
[Round "4.19"]
[White "Gajek, Radoslaw"]
[Black "Steczek, Marcin"]
[Result "0-1"]
[WhiteElo "2439"]
[BlackElo "2370"]
[EventDate "2016.09.02"]

1.c4 Nf6 2.Nc3 e6 3.d4 Bb4 4.e3 O-O 5.Bd3 c5 6.Nf3 d5 7.O-O Nc6 8.a3 Bxc3 
9.bxc3 dxc4 10.Bxc4 Qc7 11.Qe2 e5 12.d5 e4 13.dxc6 Ng4 14.g3 exf3 15.Qxf3 
Ne5 16.Qf4 Bh3 17.Rd1 Rad8 18.Rxd8 Rxd8 19.Be2 Qxc6 20.e4 Qb5 21.c4 Qxc4 
22.Bd2 Qxe2 0-1

[Event "POL-chT3"]
[Site "Jastrzebia Gora POL"]
[Date "2016.09.06"]
[Round "4.20"]
[White "Smagalski, Slawomir"]
[Black "Karpus, Michal"]
[Result "0-1"]
[WhiteElo "1943"]
[BlackElo "2254"]
[EventDate "2016.09.02"]

1.Nf3 Nf6 2.c4 g6 3.g3 d5 4.Bg2 dxc4 5.Qa4+ c6 6.Qxc4 Bg7 7.O-O O-O 8.d3 
Nbd7 9.Qc2 e5 10.Nc3 Re8 11.Bd2 Nb6 12.Rac1 Nbd5 13.a3 Nxc3 14.Bxc3 Nd5 
15.Bd2 h6 16.h3 Be6 17.Kh2 a5 18.e4 Nc7 19.Be3 a4 20.Qd2 Kh7 21.d4 exd4 
22.Bxd4 Qe7 23.Bxg7 Kxg7 24.Rfe1 Kh7 25.Qe3 Red8 26.Ne5 Nb5 27.f4 Bb3 28.
Nf3 Rd7 29.f5 Rad8 30.Qf4 Nd4 31.Rc3 Nxf3+ 32.Qxf3 Rd2 33.fxg6+ fxg6 34.
Rxb3 axb3 35.Qxb3 Rf8 36.Qc3 Rff2 37.Rg1 Qxe4 0-1

[Event "POL-chT3"]
[Site "Jastrzebia Gora POL"]
[Date "2016.09.06"]
[Round "4.21"]
[White "Krainski, Aleksander"]
[Black "Meczynski, Waldemar"]
[Result "1/2-1/2"]
[WhiteElo "2170"]
[BlackElo "2032"]
[EventDate "2016.09.02"]

1.e4 c5 2.Nf3 e6 3.Nc3 Nc6 4.d4 cxd4 5.Nxd4 Nf6 6.Ndb5 d6 7.Bf4 e5 8.Bg5 
a6 9.Na3 b5 10.Nd5 Be7 11.Bxf6 Bxf6 12.c4 b4 13.Nc2 Rb8 14.b3 Bg5 15.g3 
O-O 16.Bg2 g6 17.O-O Kh8 18.f4 exf4 19.gxf4 Bh6 20.f5 gxf5 21.Qh5 Qg5 22.
Qxg5 Bxg5 23.exf5 Re8 24.Nc7 Re2 25.Bxc6 Rxc2 26.Rae1 Bb7 27.Bxb7 Rxb7 28.
f6 Bxf6 29.Rxf6 Rxc7 30.Rf2 Rxf2 31.Kxf2 Kg7 32.Rd1 Rc6 33.Ke3 a5 34.Rd5 
Ra6 35.h4 Kg6 36.Kf4 Kf6 37.Rf5+ Kg6 38.Rg5+ Kf6 39.Rb5 h6 40.Kg4 Kg6 41.
Rd5 Kf6 42.Rh5 1/2-1/2

[Event "POL-chT3"]
[Site "Jastrzebia Gora POL"]
[Date "2016.09.06"]
[Round "4.22"]
[White "Walaszczyk, Witold"]
[Black "Krainski, Slawomir"]
[Result "1/2-1/2"]
[WhiteElo "2088"]
[BlackElo "2144"]
[EventDate "2016.09.02"]

1.d4 Nf6 2.Nf3 c5 3.d5 b5 4.c4 d6 5.cxb5 a6 6.e3 g6 7.bxa6 Bg7 8.Bb5+ Nbd7
9.Nc3 Bxa6 10.Bxa6 Rxa6 11.O-O O-O 12.h3 Qa8 13.Qe2 Nb6 14.Rd1 Nfxd5 15.
Nxd5 Nxd5 16.Rxd5 Qxd5 17.Qxa6 c4 18.Qa4 Qd3 19.Nd4 e5 20.Nb5 d5 21.Nc3 d4
22.exd4 exd4 23.Nd5 Qe2 24.Bf4 Qxb2 25.Rd1 Qe2 26.g3 h6 27.Bd6 Rd8 28.Nf4 
Qf3 29.Be7 Ra8 30.Qc2 d3 31.Nxd3 cxd3 32.Rxd3 Qf5 33.h4 Re8 34.Qe2 Qb5 35.
Qf1 Kh7 36.Ba3 Qa5 37.Kh2 Qa6 38.Qd1 Re4 39.Qf3 Re6 40.Bc5 Rf6 41.Qe2 Rc6 
42.Be3 Rc3 43.Rd2 Qc6 44.Qf1 Qa4 45.Qg2 Be5 46.Qh3 Qe4 47.h5 g5 48.Qd7 Qf3
49.Qd5 Qxh5+ 50.Kg2 g4 51.Qe4+ Kg7 52.Rd4 Ra3 53.Qxg4+ Qxg4 54.Rxg4+ Kh7 
55.Rh4 Bg7 56.g4 Kg6 57.Rh5 Rxa2 1/2-1/2

[Event "POL-chT3"]
[Site "Jastrzebia Gora POL"]
[Date "2016.09.06"]
[Round "4.23"]
[White "Szczesniak, Andrzej"]
[Black "Swiatnicki, Andrzej"]
[Result "1-0"]
[WhiteElo "1943"]
[BlackElo "2058"]
[EventDate "2016.09.02"]

1.c4 e5 2.Nc3 Nf6 3.Nf3 e4 4.Ng5 Bb4 5.Ngxe4 Nxe4 6.Nxe4 Qh4 7.Qc2 f5 8.
Nc3 O-O 9.b3 f4 10.Bb2 Nc6 11.a3 Bc5 12.Ne4 Bd4 13.Bxd4 Nxd4 14.Qd3 Ne6 
15.g3 Qe7 16.Bg2 a5 17.O-O Rb8 18.Qc3 b6 19.d4 Bb7 20.d5 Ng5 21.Nxg5 Qxg5 
22.b4 axb4 23.axb4 Ra8 24.Qd4 Qe7 25.d6 1-0

[Event "POL-chT3"]
[Site "Jastrzebia Gora POL"]
[Date "2016.09.06"]
[Round "4.24"]
[White "Bukowska, Katarzyna"]
[Black "Pacuszka, Wioletta"]
[Result "1-0"]
[WhiteElo "1887"]
[BlackElo "1923"]
[EventDate "2016.09.02"]

1.e4 c5 2.Nf3 e6 3.d4 cxd4 4.Nxd4 a6 5.Be2 Qc7 6.Nc3 Nf6 7.O-O d6 8.Be3 b5
9.a3 Bb7 10.Bd3 d5 11.exd5 Nxd5 12.Nxd5 Bxd5 13.Qg4 Nd7 14.Rfe1 Nf6 15.Qh3
Rc8 16.Rad1 g6 17.Bxg6 Be7 18.Bg5 Rg8 19.Bxf6 Rxg6 20.Be5 Qb7 21.Bg3 Kf8 
22.c3 Kg8 23.Ne2 Bc6 24.Nf4 Rg7 25.Rd3 Bg5 26.Nxe6 fxe6 27.Qxe6+ Rf7 28.
Qg4 Rg7 29.Be5 Bf6 30.Qe6+ Kh8 31.Bxf6 1-0

[Event "POL-chT3"]
[Site "Jastrzebia Gora POL"]
[Date "2016.09.06"]
[Round "4.25"]
[White "Licznerski, Lukasz"]
[Black "Winiarski, Mikolaj"]
[Result "1-0"]
[WhiteElo "2260"]
[BlackElo "2300"]
[EventDate "2016.09.02"]

1.d4 Nf6 2.c4 e6 3.Nf3 Bb4+ 4.Bd2 Be7 5.Nc3 d5 6.Bg5 Nbd7 7.e3 c6 8.Bd3 
O-O 9.O-O dxc4 10.Bxc4 b5 11.Bd3 Bb7 12.Rc1 Rc8 13.Qe2 a6 14.Bxf6 Nxf6 15.
Ne4 Nxe4 16.Bxe4 f5 17.Bd3 c5 18.dxc5 Bxf3 19.gxf3 Rxc5 20.a4 bxa4 21.Bxa6
Kh8 22.Rxc5 Bxc5 23.Qc4 Qg5+ 24.Kh1 f4 25.Qxe6 fxe3 26.fxe3 Bxe3 27.Qg4 
Qh6 28.Qxa4 Bf4 29.Rf2 Rd8 30.Re2 Rf8 31.Bd3 Qh3 32.Rf2 Be3 33.Rf1 Bf4 34.
Qc2 Rc8 35.Qe2 Qh6 36.Re1 Rf8 37.b4 Bd2 38.Qe7 Qf4 39.Qe4 Bxe1 40.Qxh7# 
1-0

[Event "POL-chT3"]
[Site "Jastrzebia Gora POL"]
[Date "2016.09.06"]
[Round "4.26"]
[White "Rozycki, Bartlomiej"]
[Black "Zielinski, Maciej"]
[Result "1/2-1/2"]
[WhiteElo "2140"]
[BlackElo "2111"]
[EventDate "2016.09.02"]

1.e4 e5 2.Nf3 Nc6 3.Bc4 Bc5 4.O-O Nf6 5.d3 d6 6.c3 a6 7.Bb3 Ba7 8.Nbd2 O-O
9.h3 Ne7 10.Re1 Ng6 11.Nf1 Nh5 12.d4 Nhf4 13.Bxf4 exf4 14.Qd3 Be6 15.N1d2 
Bxb3 16.Nxb3 Qd7 17.Rad1 Rad8 18.Qc4 Bb6 19.Qd5 c6 20.Qh5 d5 21.e5 f6 22.
Nc1 fxe5 23.Ng5 h6 24.Qxg6 hxg5 25.Rxe5 Rf6 26.Qh5 f3 27.Nd3 fxg2 28.Rxg5 
Bc7 29.Ne5 Bxe5 30.dxe5 Rf4 31.Rd4 Rdf8 32.Rxf4 Rxf4 33.Qg6 Qf7 34.Qxf7+ 
Kxf7 35.Rg4 Rf5 36.f4 g5 37.e6+ Kxe6 38.fxg5 Kf7 39.Rxg2 Kg6 40.h4 Rf4 41.
h5+ Kxh5 42.g6 Rf8 43.g7 Rg8 44.Kf2 Kh6 45.Ke3 Rxg7 46.Rxg7 Kxg7 47.Kd4 
Kf6 48.Kc5 Ke6 49.Kb6 Kd7 50.b4 Kc8 51.a4 Kb8 52.b5 cxb5 53.axb5 a5 54.
Kxa5 Kc7 55.Kb4 b6 56.c4 Kd6 57.Kc3 dxc4 58.Kxc4 Ke5 59.Kc3 Kd5 60.Kd3 
1/2-1/2

[Event "POL-chT3"]
[Site "Jastrzebia Gora POL"]
[Date "2016.09.06"]
[Round "4.27"]
[White "Zielinski, Wojciech"]
[Black "Chylewski, Patryk"]
[Result "1-0"]
[WhiteElo "2136"]
[BlackElo "2005"]
[EventDate "2016.09.02"]

1.e4 c5 2.Nf3 e6 3.c4 Nc6 4.d4 cxd4 5.Nxd4 Nf6 6.Nc3 Bb4 7.Nxc6 bxc6 8.Bd3
e5 9.O-O Bc5 10.Kh1 d6 11.h3 O-O 12.f4 exf4 13.Bxf4 Nd7 14.Na4 Qe7 15.Bc2 
Rd8 16.Qd2 Ne5 17.Qc3 Bb6 18.Rad1 Ba6 19.b3 f6 20.Nxb6 axb6 21.Rf2 Rd7 22.
Rfd2 Kh8 23.Qb4 Rb8 24.Rxd6 Kg8 25.c5 Rdb7 26.Bxe5 Qxe5 27.cxb6 Rxb6 28.
Rd8+ Kf7 29.Qf8+ Kg6 30.R1d7 f5 31.Rxg7+ Qxg7 32.Rd6+ 1-0

[Event "POL-chT3"]
[Site "Jastrzebia Gora POL"]
[Date "2016.09.06"]
[Round "4.28"]
[White "Kokoszczynski, Jan"]
[Black "Grzelak, Artur"]
[Result "1/2-1/2"]
[WhiteElo "1962"]
[BlackElo "2141"]
[EventDate "2016.09.02"]

1.e4 d5 2.exd5 Qxd5 3.Nc3 Qd8 4.d4 g6 5.Nf3 Bg7 6.Bc4 Nh6 7.Bf4 Nf5 8.Be5 
O-O 9.Bxg7 Kxg7 10.Qd2 a6 11.O-O-O Nd7 12.h4 h5 13.Ng5 Nf6 14.f3 Nd6 15.
Be2 c6 16.g4 Qa5 17.Rdg1 Rh8 18.Qf4 Nd5 19.Nxd5 Qxd5 20.Qe5+ Qxe5 21.dxe5 
Ne8 22.gxh5 Rxh5 23.f4 Rh6 24.h5 Bf5 25.hxg6 Rxh1 26.Rxh1 Bxg6 27.Bd3 Bxd3
28.cxd3 Kg6 29.Kd2 f6 30.Ne4 fxe5 31.fxe5 Nc7 32.Rf1 Rh8 33.Rf2 Ne6 34.Kc3
Rh5 35.Rg2+ Kf7 36.d4 Rh3+ 37.Rg3 Rh4 38.Ng5+ Nxg5 1/2-1/2

[Event "POL-chT3"]
[Site "Jastrzebia Gora POL"]
[Date "2016.09.06"]
[Round "4.29"]
[White "Fengier, Winicjusz"]
[Black "Wisniewski, Jacek"]
[Result "1/2-1/2"]
[WhiteElo "2054"]
[BlackElo "1924"]
[EventDate "2016.09.02"]

1.d4 d5 2.Bf4 Nf6 3.Nf3 e6 4.e3 c5 5.c3 Nc6 6.Nbd2 Be7 7.Bd3 a6 8.a4 b6 9.
O-O Bb7 10.Ne5 O-O 11.Qe2 c4 12.Bc2 b5 13.e4 b4 14.Nxc6 Bxc6 15.e5 Nd7 16.
Qh5 g6 17.Qh6 Re8 18.Nf3 Bf8 19.Qh3 Bg7 20.Bh6 bxc3 21.bxc3 Qa5 22.Ng5 
Bxh6 23.Qxh6 Nf8 24.Rac1 Reb8 25.g4 Rb2 26.Bb1 Bxa4 27.f4 Rxb1 28.Rxb1 
Qxc3 29.Nf3 Bc2 30.Rb7 Be4 31.Kg2 Qd2+ 32.Rf2 Qxd4 33.Qg5 Ra7 34.Rb8 c3 
35.Rxf8+ Kxf8 36.Qd8+ Kg7 37.Qf6+ Kg8 1/2-1/2

[Event "POL-chT3"]
[Site "Jastrzebia Gora POL"]
[Date "2016.09.06"]
[Round "4.30"]
[White "Olechnicka, Karolina"]
[Black "Jedrocha, Katarzyna"]
[Result "0-1"]
[WhiteElo "1887"]
[BlackElo "1893"]
[EventDate "2016.09.02"]

1.e4 c5 2.Nf3 d6 3.d4 cxd4 4.Nxd4 Nf6 5.Nc3 a6 6.Bg5 Nbd7 7.f4 Qc7 8.Qe2 
e5 9.Nf5 h6 10.fxe5 dxe5 11.Bh4 g6 12.Ne3 Bb4 13.O-O-O Bxc3 14.bxc3 Qxc3 
15.Qd3 Qa1+ 16.Kd2 Qxa2 17.Ke1 O-O 18.Nd5 Nxd5 19.exd5 Qa5+ 20.Rd2 Qb4 21.
Qc4 Qxc4 22.Bxc4 g5 23.Bf2 Nf6 24.Bb6 Bd7 25.Rf1 Kg7 26.Bb3 a5 27.Bc5 Rfc8
28.Be7 Ne4 29.Re2 f5 30.c4 a4 31.Bc2 a3 32.Bxe4 a2 0-1

[Event "POL-chT3"]
[Site "Jastrzebia Gora POL"]
[Date "2016.09.06"]
[Round "4.32"]
[White "Lisowski, Krzysztof"]
[Black "Bus, Konrad"]
[Result "1/2-1/2"]
[WhiteElo "2106"]
[BlackElo "2245"]
[EventDate "2016.09.02"]

1.e4 d5 2.exd5 Qxd5 3.Nc3 Qd6 4.d4 Nf6 5.Bc4 g6 6.Nge2 Bg7 7.Bf4 Qb6 8.Qd2
O-O 9.f3 c6 10.O-O-O Nbd7 11.Rhe1 Qa5 12.Ng3 Re8 13.Kb1 b5 14.Bb3 c5 15.
dxc5 Nxc5 16.Bd5 Bb7 17.Bxb7 Nxb7 18.Nd5 Nxd5 19.Qxa5 Nxa5 20.Rxd5 a6 21.
b3 Nc6 22.Ne4 Rac8 23.Rd7 Nd4 24.c3 Ne6 25.Bd2 Rc6 26.Ng5 Nxg5 27.Bxg5 e6 
28.Bd2 Bxc3 29.Bxc3 Rxc3 30.Red1 Re3 31.R1d2 Rc8 32.Ra7 Re1+ 33.Kb2 Rc6 
34.Rdd7 b4 35.Rxf7 Re2+ 36.Kb1 Re1+ 37.Kb2 Re2+ 38.Kb1 Re1+ 39.Kb2 1/2-1/2

[Event "POL-chT3"]
[Site "Jastrzebia Gora POL"]
[Date "2016.09.06"]
[Round "4.33"]
[White "Bednarczyk, Damian"]
[Black "Migala, Andrzej"]
[Result "1-0"]
[WhiteElo "2158"]
[BlackElo "2014"]
[EventDate "2016.09.02"]

1.d4 Nf6 2.Nf3 d5 3.g3 c6 4.Bg2 Bg4 5.Ne5 Bh5 6.c4 e6 7.Nc3 Be7 8.Qb3 Qb6 
9.c5 Qxb3 10.axb3 Nbd7 11.f4 O-O 12.b4 a6 13.Bd2 Nxe5 14.fxe5 Nd7 15.e4 
Rad8 16.exd5 exd5 17.O-O Rfe8 18.h4 Nf8 19.Bh3 Bg6 20.Rf2 Ne6 21.Be3 Nc7 
22.Ne2 f6 23.Bf4 Nb5 24.Rd1 Ra8 25.e6 a5 26.bxa5 Rxa5 27.Nc3 Rea8 28.Nxb5 
Rxb5 29.Bd6 Kf8 30.g4 Ke8 31.h5 Be4 32.g5 Rb3 33.h6 Rxh3 34.Rh2 Rxh2 35.
Kxh2 gxh6 36.gxf6 Bxd6+ 37.cxd6 Bf5 38.f7+ Kf8 39.Rg1 Bg6 40.Rf1 Kg7 41.e7
Bxf7 42.d7 1-0